| 000 | 01934cam a2200493 i 4500 | ||
|---|---|---|---|
| 999 |
_c522741 _d522741 |
||
| 001 | 19663650 | ||
| 003 | NUST | ||
| 005 | 20190108050834.0 | ||
| 008 | 170525s2016 ii b 001 0 eng d | ||
| 010 | _a 2017275129 | ||
| 020 |
_a9780199467495 _q(hardback) |
||
| 020 |
_a0199467498 _q(hardback) |
||
| 035 | _a(OCoLC)ocn953890513 | ||
| 038 | _aMuhammad Ibrahim | ||
| 040 |
_aDKAGE _beng _cDKAGE _erda _dOCLCO _dBDX _dYDX _dOCLCF _dBTCTA _dOCLCQ _dCDX _dDLC |
||
| 042 | _alccopycat | ||
| 043 |
_aa-ii--- _aa-pk--- |
||
| 050 | 0 | 0 |
_aDS450.P18 _bP47 2016 |
| 082 | 0 | 4 |
_a327.5405491 _223 |
| 100 | 1 |
_aPerkovich, George, _d1958- _eauthor. _912981 |
|
| 245 | 1 | 0 |
_aNot war, not peace? : _bmotivating Pakistan to prevent cross-border terrorism / _cGeorge Perkovich and Toby Dalton. |
| 250 | _aFirst edition. | ||
| 264 | 1 |
_aNew Delhi, India : _bOxford University Press, _c2016. |
|
| 300 |
_axii, 297 pages ; _c23 cm |
||
| 336 |
_atext _btxt _2rdacontent |
||
| 337 |
_aunmediated _bn _2rdamedia |
||
| 338 |
_avolume _bnc _2rdacarrier |
||
| 504 | _aIncludes bibliographical references and index. | ||
| 650 | 0 |
_aTerrorism _zPakistan _xPrevention. _912982 |
|
| 650 | 0 |
_aPeace-building _zIndia. _912983 |
|
| 650 | 0 |
_aNational security _zIndia. _912984 |
|
| 650 | 7 |
_aDiplomatic relations. _2fast _0(OCoLC)fst01907412 _96585 |
|
| 650 | 7 |
_aNational security. _2fast _0(OCoLC)fst01033711 _912985 |
|
| 650 | 7 |
_aPeace-building. _2fast _0(OCoLC)fst01055902 _92019 |
|
| 650 | 7 |
_aTerrorism _xPrevention. _2fast _0(OCoLC)fst01148123 _93117 |
|
| 651 | 0 |
_aIndia _xForeign relations _zPakistan. _91644 |
|
| 651 | 0 |
_aPakistan _xForeign relations _zIndia. _91645 |
|
| 651 | 7 |
_aIndia. _2fast _0(OCoLC)fst01210276 _91063 |
|
| 651 | 7 |
_aPakistan. _2fast _0(OCoLC)fst01210275 _92029 |
|
| 700 | 1 |
_aDalton, Toby, _eauthor. _912986 |
|
| 906 |
_a7 _bcbc _ccopycat _d2 _encip _f20 _gy-gencatlg |
||
| 942 |
_2ddc _cBK |
||